000 00913nam a2200193Ia 4500
999 _c49439
_d49439
001 16362
003 GE_BSU
005 20250922181949.0
008 181216s2002||||ge |||||||||||||| ||geo||
040 _cGE_BSU
041 _ageo
080 _a347(479.22)(094.4.072) ს-32
245 _aსაქართველოს სამოქალაქო კოდექსის კომენტარი:5 წიგნად. წ.3 ვალდებულებითი სამართალი /
_cსარედ;კოლ;ლადო ჭანტურია(მთ.რედ)და სხვ.
264 _aთბილისი :
_bსამართალი,
_c2002.
300 _a604 გვ;
_b20 სმ
653 _aსამართალი
653 _aსაქართველოს სამოქალაქო კოდექსის კომენტარი
942 _cBK
_2udc